| 000 | 00719nam a2200205 i 4500 | ||
|---|---|---|---|
| 001 | 36543 | ||
| 003 | ES-MaACL | ||
| 005 | 20250830232545.0 | ||
| 007 | t| | ||
| 008 | 030218q1914 sp ||||1| spa d | ||
| 100 | 1 |
_aBryce, James, _d1838-1922 _932253 |
|
| 245 | 1 | 3 |
_aEl gobierno de los estados en la República norteamericana / _cpor James Bryce. |
| 260 |
_aMadrid : _bLa España Moderna, _c[1914?] ( _fImp. de V. Tordesillas) |
||
| 300 |
_a405 p. ; _c23 cm. |
||
| 490 | 1 | _aBiblioteca de jurisprudencia, filosofía e historia | |
| 651 | 4 |
_aEstados Unidos- _xPolítica y gobierno _98554 |
|
| 830 | 1 | 0 |
_aBiblioteca de jurisprudencia, filosofía e historia _9180691 |
| 852 |
_aES-MaACL _jF-14794 |
||
| 999 |
_c36543 _d36543 |
||